00218nam a2200073 a 450000500170000000800410001705000180005824500680007620140414093828.0970101s19uu xx 00 eng d aVHS 700bR 05 aMusic Magic:1) Music for special occasions 2) Rhythm 3) Melody.